|
|
|
|
| LEADER |
01207nam a22002537i 4500 |
| 003 |
GR-PaULI |
| 005 |
20210117210408.0 |
| 008 |
170531s2007 gr ||||f |||| 001 0 gre d |
| 020 |
|
|
|a 9789963560806
|
| 040 |
|
|
|a GR-PaULI
|b gre
|c GR-PaULI
|e AACR2
|
| 041 |
0 |
|
|a gre
|
| 082 |
0 |
4 |
|2 23
|a 180
|
| 100 |
1 |
|
|9 8241
|a Ταϊφάκος, Ιωάννης Γ.
|e συγγραφέας
|
| 245 |
1 |
0 |
|a Αρχαία κυπριακή γραμματεία /
|c Ιωάννου Ταϊφάκου ; γενική εποπτεία: Πάτροκλος Σταύρου.
|
| 260 |
|
|
|a Λευκωσία :
|b [χ.ε.]
|
| 300 |
|
|
|a τ. ;
|c 23 εκ.
|
| 500 |
|
|
|a τ. 6. - lxviii, 655 σ. - 2007
|
| 505 |
|
|
|a τ. 6. Φιλοσοφία : Κλέαρχος, Περσαίος, Δήμωναξ και άλλοι Κύπριοι φιλόσοφοι
|
| 650 |
|
4 |
|9 9187
|a Φιλοσοφία, Ελληνική
|
| 700 |
1 |
|
|9 30870
|a Σταύρου, Πάτροκλος
|e επιμελητής
|
| 942 |
|
|
|2 ddc
|c BK15
|
| 952 |
|
|
|0 0
|1 0
|2 ddc
|4 0
|6 180_000000000000000_ΤΑΙ
|7 0
|9 212801
|a LISP
|b LISP
|c DON
|d 2017-05-31
|e ΒΑΛ
|i 126725
|l 0
|o 180 ΤΑΙ
|p 025000245919
|r 2017-05-31 00:00:00
|t 1
|v 2017.00
|w 2017-05-31
|y BK15
|
| 998 |
|
|
|c ΒΑΣΙΛΕΙΟΥ
|d 2017-05
|
| 999 |
|
|
|c 129432
|d 129432
|